| 000 | 00427nam a22001337a 4500 | ||
|---|---|---|---|
| 082 |
_a388.11 _bROA |
||
| 100 |
_aChile, Santiago _938616 |
||
| 245 | _aRoad a New Approach for Road Network Management and Conservation | ||
| 260 |
_aAmerica _bEconomic Commision for Latin America and The Caribbean _c1993 |
||
| 300 |
_a235 p.: _bill, _c24 cm |
||
| 526 |
_a0 _b0 _c0 _d388_110000000000000_ROA |
||
| 650 |
_aMCE _9379 |
||
| 942 |
_2ddc _cBK |
||
| 999 |
_c543248 _d543248 |
||